h1

h2

h3

h4

h5
h6
000083152 001__ 83152
000083152 005__ 20220810085051.0
000083152 0247_ $$2DOI$$a10.1007/978-0-387-74759-0_272
000083152 0247_ $$2HSB$$ahsb900002999
000083152 0247_ $$2ISBN$$a0-387-74760-5
000083152 0247_ $$2ISBN$$a978-0-387-74758-3
000083152 0247_ $$2ISBN$$a978-0-387-74760-6
000083152 037__ $$aRWTH-CONV-095106
000083152 041__ $$aEnglish
000083152 1001_ $$0P:(DE-82)IDM00283$$aBardow, André$$b0$$eAuthor
000083152 245__ $$aIdentification methods for reaction kinetics and transport$$honline, print
000083152 250__ $$a2. ed.
000083152 260__ $$aBerlin [u.a.]$$bSpringer Science+Business Media, LLC.$$c2008
000083152 29510 $$aEncyclopedia of optimization : with 247 tables / C. A. Floudas and P. M. Pardalos (eds.). - Vol. 3: H - L
000083152 300__ $$a1549-1556
000083152 3367_ $$0PUB:(DE-HGF)7$$2PUB:(DE-HGF)$$aContribution to a book$$bcontb$$mcontb
000083152 3367_ $$2DRIVER$$abookPart
000083152 3367_ $$2ORCID$$aBOOK_CHAPTER
000083152 3367_ $$07$$2EndNote$$aBook Section
000083152 3367_ $$2BibTeX$$aINBOOK
000083152 3367_ $$2DataCite$$aOutput Types/Book chapter
000083152 4900_ $$aSpringer reference
000083152 591__ $$aGermany
000083152 7001_ $$0P:(DE-82)000870$$aMarquardt, Wolfgang$$b1$$eAuthor
000083152 909CO $$ooai:publications.rwth-aachen.de:83152$$pVDB
000083152 9201_ $$0I:(DE-82)416410_20140620$$k416410$$lLehrstuhl für Prozesstechnik$$x0
000083152 961__ $$c2014-08-12$$x2008-12-18$$z2012-02-20
000083152 970__ $$ahsb900002999
000083152 980__ $$acontb
000083152 980__ $$aI:(DE-82)416410_20140620
000083152 980__ $$aVDB
000083152 980__ $$aUNRESTRICTED
000083152 980__ $$aConvertedRecord